|
|
|
|
| LEADER |
01324nam a2200277 i 4500 |
| 001 |
36871 |
| 003 |
BD-DhAAL |
| 005 |
20211123112324.0 |
| 008 |
311219t2011 enk 000 1 eng d |
| 999 |
|
|
|c 41979
|d 41979
|
| 020 |
|
|
|a 9780330522991
|
| 040 |
|
|
|a DLC
|c DLC
|d DLC
|d BD-DhAAL
|
| 082 |
0 |
0 |
|a 823.914
|
| 100 |
1 |
|
|a Naipaul, V. S.
|9 38686
|
| 245 |
1 |
2 |
|a A bend in the river /
|c V. S. Naipaul.
|
| 260 |
|
|
|a London :
|b Picador ;
|c c2011.
|
| 300 |
|
|
|a ix, pages 326 ;
|c 19 cm.
|
| 526 |
|
|
|a ENH
|
| 541 |
|
|
|a Karim International
|e 36871, 36872, 36873
|
| 650 |
|
0 |
|a East Indians
|z Africa
|v Fiction.
|9 38687
|
| 650 |
|
0 |
|a English literature.
|9 38688
|
| 852 |
|
|
|a Ayesha Abed Library
|c General Stacks
|
| 942 |
|
|
|2 ddc
|c BK
|
| 952 |
|
|
|0 0
|1 0
|2 ddc
|4 0
|6 823_914000000000000_NAI
|7 0
|9 67564
|a BRACUL
|b BRACUL
|c GEN
|d 2019-12-29
|e Karim International
|g 1040.00
|l 2
|m 38
|o 823.914 NAI
|p 3010036872
|r 2024-10-05
|s 2024-06-12
|t 2
|v 1040.00
|w 2019-12-29
|y BK
|
| 952 |
|
|
|0 0
|1 0
|2 ddc
|4 0
|6 823_914000000000000_NAI
|7 0
|9 67565
|a BRACUL
|b BRACUL
|c GEN
|d 2019-12-29
|e Karim International
|g 1040.00
|l 1
|o 823.914 NAI
|p 3010036871
|r 2024-02-19
|s 2024-02-12
|t 1
|v 1040.00
|w 2019-12-29
|y BK
|
| 952 |
|
|
|0 0
|1 0
|2 ddc
|4 0
|6 823_914000000000000_NAI
|7 0
|9 67566
|a BRACUL
|b BRACUL
|c GEN
|d 2019-12-29
|e Karim International
|g 1040.00
|l 2
|m 8
|o 823.914 NAI
|p 3010036873
|r 2024-06-27
|s 2024-05-08
|t 3
|v 1040.00
|w 2019-12-29
|y BK
|